000 00856nam a2200265Ia 4500
001 Z_3279
003 CHAP
008 220113s2000 xx 000 0 und d
010 _a166387
040 _cCHAP
090 _aTesis S 1466
100 _aSalinas Moreno, Saúl
_9101682
245 _aFactores que influyen sobre la productividad en las explotaciones de lechería familiar en la parte norte de los Altos de Jalisco /
_cpor Saúl Salinas Moreno y Oscar Andrés Tornez Bello
260 _aChapingo, Méx. :
_bEl autor,
_c2000
300 _a95 h.
502 _aTesis (Ing. Agr. Esp. en Zootecnia) -- UACH. Departamento de Zootecnia
650 _aGanado lechero
_xProducción
_945288
700 _aTornez Bello, Oscar Andrés
_9113954
901 _aTESIS S 1466
902 _aM
910 _a2000
942 _c2
942 _c2
999 _c166387
_d166387